[Event "20th Heraklion Open 2017"]
[Site "Heraklion GRE"]
[Date "2017.04.18"]
[Round "3.4"]
[White "Fragiadakis,E"]
[Black "Wallace,P"]
[Result "0-1"]
[WhiteElo "1827"]
[BlackElo "2231"]

1.d4 Nf6 2.c4 g6 3.Nf3 Bg7 4.g3 O-O 5.Bg2 d6 6.O-O c6 7.Nc3 Qa5 8.Re1 Qh5 9.e4
e5 10.dxe5 dxe5 11.Nh4 Qxd1 12.Rxd1 Re8 13.h3 Na6 14.Be3 Nd7 15.Rd2 Nf8
16.Rad1 Nc7 17.Na4 Nfe6 18.f4 Na6 19.f5 Nd4 20.g4 c5 21.Nc3 Nc7 22.Rf1 Rb8
23.a4 a6 24.Bxd4 exd4 25.Nd5 Nxd5 26.exd5 Bh6 27.Rd3 b5 28.axb5 axb5 29.cxb5
Bd7 {#R} 0-1

[Event "20th Heraklion Open 2017"]
[Site "Heraklion GRE"]
[Date "2017.04.18"]
[Round "3.6"]
[White "Moshovakis,Aggelos"]
[Black "Brokalakis - Gounaris,Christos"]
[Result "1-0"]
[WhiteElo "2030"]
[BlackElo "1773"]

1.e4 e5 2.Nf3 Nc6 3.Bc4 Bc5 4.c3 Nf6 5.d3 O-O 6.Bb3 d5 7.Qe2 dxe4 8.dxe4 Be6
9.Bxe6 fxe6 10.Qc4 Qe7 11.b4 Bb6 12.O-O Rad8 13.a4 a6 14.Bg5 Qd6 15.Nbd2 a5
16.b5 Ne7 17.Qb3 h6 18.Nc4 Qd7 19.Nfxe5 Qc8 20.Nxb6 cxb6 21.Be3 Qc7 22.Qxe6+
Kh7 23.Bxb6 Qd6 24.Qxd6 Rxd6 25.Bxa5 Nxe4 26.f3 Ng5 27.Bb4 Re6 28.Rfe1 Rd8
29.c4 Ng6 30.Nxg6 Rxg6 31.Kf2 Rd4 32.Rac1 Ne6 33.g3 Rd3 34.Re3 Rd4 35.a5 Ng5
36.Ra3 Nh3+ 37.Kf1 Rf6 38.a6 bxa6 39.bxa6 Ng5 40.a7 Nxf3 41.Rxf3 Rxf3+ 42.Kg2
{#r} 1-0

[Event "20th Heraklion Open 2017"]
[Site "Heraklion GRE"]
[Date "2017.04.18"]
[Round "3.7"]
[White "Dhruv,Easwar"]
[Black "Friedel,M"]
[Result "0-1"]
[WhiteElo "1753"]
[BlackElo "2182"]

1.e4 g6 2.d4 Bg7 3.Nf3 d6 4.Nc3 c6 5.Bd3 Bg4 6.Be3 Qb6 7.O-O Qxb2 8.Na4 Qb4
9.c3 Bxf3 10.gxf3 Qa5 11.Qb3 Qc7 12.Rab1 b6 13.d5 c5 14.Bb5+ Nd7 15.Bc6 Rd8
16.Qb5 Nf6 17.Bxd7+ Qxd7 18.Qxd7+ Nxd7 19.f4 Rb8 20.Rb3 Kd8 21.Rfb1 Kc7 22.Nb2
b5 23.Ra3 Ra8 24.Nd3 a6 25.e5 Nb6 26.Rd1 Nc4 27.Rb3 Nxe3 28.fxe3 c4 29.exd6+
exd6 30.Ne5 cxb3 31.Nxf7 bxa2 32.Ra1 Bxc3 33.Rxa2 Rhe8 34.Kf2 b4 35.Rc2 a5
36.Ng5 a4 37.Nxh7 Rh8 {#R} 0-1

[Event "20th Heraklion Open 2017"]
[Site "Heraklion GRE"]
[Date "2017.04.18"]
[Round "3.9"]
[White "Spirou,G"]
[Black "Maris,Io"]
[Result "0-1"]
[WhiteElo "1692"]
[BlackElo "1967"]

1.e4 c5 2.Nf3 d6 3.c3 Nf6 4.Bd3 Nc6 5.Bc2 Bg4 6.h3 Bh5 7.d3 e6 8.Be3 Be7
9.Nbd2 O-O 10.Qe2 h6 11.g4 Bg6 12.g5 hxg5 13.Nxg5 d5 14.f4 d4 15.Bf2 Bh5
16.Ngf3 dxc3 17.bxc3 Qa5 18.c4 Qc3 19.Rc1 Nb4 20.Kd1 Nxa2 21.Rb1 Qa3 22.Ke1
Nc3 {#R} 0-1

[Event "20th Heraklion Open 2017"]
[Site "Heraklion GRE"]
[Date "2017.04.18"]
[Round "3.10"]
[White "Galanakis,Nikos"]
[Black "Bras,E"]
[Result "0-1"]
[WhiteElo "1588"]
[BlackElo "1898"]

1.c4 e5 2.Nc3 Nf6 3.g3 d5 4.cxd5 Nxd5 5.Bg2 Nb6 6.Nf3 Nc6 7.O-O Be7 8.b3 O-O
9.Bb2 f5 10.d3 a6 11.a3 Be6 12.Qc2 Bf6 13.Rfd1 Qe7 14.Rab1 g5 15.e3 g4 16.Nd2
Qf7 17.Nc4 Nxc4 18.dxc4 e4 19.Ne2 Bxb2 20.Qxb2 Qg7 21.Nf4 Qxb2 22.Rxb2 Kf7
23.Rbd2 Rad8 24.h3 Rxd2 25.Rxd2 h5 26.Nxh5 gxh3 27.Bxh3 Ne5 28.Bg2 b5 29.cxb5
axb5 30.Rc2 Bxb3 31.Rxc7+ Ke6 32.Nf4+ Kd6 33.Rc3 Bd1 34.Rc1 Bg4 35.Rb1 Rc8
36.Kf1 Rc3 37.Ra1 Nc4 38.Ke1 Nxa3 39.Ra2 b4 40.Kd2 Nb1+ 41.Ke1 {#R} 0-1

[Event "Reykjavik Open 2017"]
[Site "Reykjavik ISL"]
[Date "2017.04.19"]
[Round "1.1"]
[White "Jonsson,Gauti Pall"]
[Black "Giri,A"]
[Result "0-1"]
[WhiteElo "2087"]
[BlackElo "2771"]

1.e4 c5 2.Nf3 e6 3.d4 cxd4 4.Nxd4 Nc6 5.Nc3 Qc7 6.g3 a6 7.Bg2 d6 8.O-O Bd7
9.Be3 Nf6 10.Qe2 Be7 11.Rad1 O-O 12.Kh1 b5 13.f4 b4 14.Nxc6 Bxc6 15.e5 dxe5
16.fxe5 Bxg2+ 17.Qxg2 Ng4 18.Bd4 bxc3 19.Qe4 h5 20.h3 Nh6 21.Bxc3 Nf5 22.Rf3
Rad8 23.Rg1 Bc5 24.Rg2 Rd1+ 25.Kh2 Qb6 26.Be1 Qxb2 27.g4 Qd4 28.Qe2 Ne3 29.Bf2
Qxe5+ 30.Bg3 Qa1 {#R} 0-1

[Event "Reykjavik Open 2017"]
[Site "Reykjavik ISL"]
[Date "2017.04.19"]
[Round "1.3"]
[White "Persson,Ande"]
[Black "Jobava,Ba"]
[Result "0-1"]
[WhiteElo "2078"]
[BlackElo "2712"]

1.d4 Nf6 2.c4 g6 3.Nc3 Bg7 4.Nf3 O-O 5.Bg5 d6 6.e3 Nbd7 7.Be2 b6 8.O-O Bb7
9.Qc2 e6 10.Rfd1 h6 11.Bh4 g5 12.Bg3 Nh5 13.Rac1 f5 14.Nd2 g4 15.b4 Nxg3
16.hxg3 h5 17.d5 Bxc3 18.Qxc3 e5 19.Nb3 h4 20.e4 hxg3 21.Qxg3 Qg5 22.exf5 Nf6
23.Bd3 Rae8 24.Re1 Rf7 25.Qe3 Qh5 26.Nd2 Rh7 27.Kf1 Bc8 28.Ne4 Nxe4 29.Bxe4
Bxf5 30.Bxf5 Qxf5 31.Ke2 Rf8 32.Rf1 Rh2 33.Rg1 Qg6 34.Rc3 Rf4 35.Kd2 Qf5
36.Kc1 Rxf2 {#R} 0-1

[Event "Reykjavik Open 2017"]
[Site "Reykjavik ISL"]
[Date "2017.04.19"]
[Round "1.10"]
[White "Grandelius,N"]
[Black "Tunge,Christian"]
[Result "1-0"]
[WhiteElo "2641"]
[BlackElo "2055"]

1.Nf3 Nf6 2.c4 g6 3.Nc3 d5 4.cxd5 Nxd5 5.g3 Bg7 6.Bg2 O-O 7.h4 h6 8.O-O e5
9.Nxd5 Qxd5 10.d3 c6 11.h5 Nd7 12.hxg6 fxg6 13.Ng5 Qd6 14.Qb3+ Kh8 15.Nf7+
Rxf7 16.Qxf7 Nf8 17.Be3 Qe6 18.Qxe6 Nxe6 19.Rac1 Nd4 20.Bxd4 exd4 21.b4 a6
22.a4 Bg4 23.Bf3 Bh3 24.Rfe1 Rb8 25.b5 axb5 26.axb5 cxb5 27.Rc7 Be5 28.Rc5 Bd6
29.Rxb5 b6 30.Rc1 Bf5 31.Be4 Bxe4 32.dxe4 Re8 33.Rxb6 Ba3 34.Rc7 Rg8 35.Rd7
Bf8 36.Rc6 Bg7 37.Rxg6 {#r} 1-0

[Event "Reykjavik Open 2017"]
[Site "Reykjavik ISL"]
[Date "2017.04.19"]
[Round "1.11"]
[White "Zemlickova,Olena"]
[Black "L'Ami,E"]
[Result "0-1"]
[WhiteElo "2053"]
[BlackElo "2614"]

1.d4 f5 2.g3 Nf6 3.Bg2 e6 4.c4 d5 5.Nf3 Bd6 6.O-O O-O 7.b3 b6 8.Bb2 Bb7 9.Nc3
Ne4 10.Qc2 a6 11.Ne5 Bxe5 12.dxe5 Nc6 13.Rad1 Nxc3 14.Bxc3 Ne7 15.e4 fxe4
16.Bxe4 h6 17.Bg2 c5 18.Qe2 Qd7 19.Qg4 Kh8 20.cxd5 Bxd5 21.Bxd5 Nxd5 22.Bb2
Rf5 23.f4 Raf8 24.Qe2 Qf7 25.a4 Kg8 26.Rc1 a5 27.Rce1 Qg6 28.Qg2 h5 29.h4 R5f7
30.Kh2 Rd7 31.Qe2 Qf5 32.Rd1 Rfd8 33.Rfe1 Nxf4 34.gxf4 Qxf4+ 35.Kg1 Rd2 {#R}
0-1

[Event "Reykjavik Open 2017"]
[Site "Reykjavik ISL"]
[Date "2017.04.19"]
[Round "1.12"]
[White "Yilmaz,M"]
[Black "Arnarsson,H"]
[Result "1-0"]
[WhiteElo "2614"]
[BlackElo "2046"]

1.d4 Nf6 2.c4 e6 3.Nf3 Bb4+ 4.Nbd2 O-O 5.g3 b6 6.Bg2 Bb7 7.O-O d5 8.Ne5 Bxd2
9.Bxd2 Nbd7 10.Bg5 h6 11.Nxd7 Qxd7 12.Bxf6 gxf6 13.cxd5 Bxd5 14.e4 Bb7 15.Rc1
c6 16.Qg4+ Kh7 17.Rfd1 Rac8 18.Qh4 Qd8 19.Rc3 c5 20.d5 exd5 21.exd5 f5 22.Qa4
a6 23.Bh3 Rc7 24.Bxf5+ Kh8 25.Qf4 {#r} 1-0

[Event "Reykjavik Open 2017"]
[Site "Reykjavik ISL"]
[Date "2017.04.19"]
[Round "1.13"]
[White "Arnalds,S"]
[Black "Landa,K"]
[Result "0-1"]
[WhiteElo "2035"]
[BlackElo "2611"]

1.d4 Nf6 2.c4 e6 3.Nc3 Bb4 4.Qc2 b6 5.Nf3 Bb7 6.a3 Bxc3+ 7.Qxc3 d6 8.e3 Nbd7
9.Be2 O-O 10.O-O Ne4 11.Qc2 f5 12.b4 Rf6 13.c5 Bd5 14.Bc4 Bxc4 15.Qxc4 d5
16.Qe2 Rh6 17.g3 g5 18.Nd2 g4 19.f3 Nxd2 20.Qxd2 Rg6 21.e4 fxe4 22.fxe4 Nf6
23.exd5 Qxd5 24.Bb2 bxc5 25.bxc5 Rb8 26.Rae1 Ne4 27.Qf4 Ng5 28.Qxg4 Rxb2
29.Rf2 Rxf2 30.Kxf2 h5 {#R} 0-1

[Event "Reykjavik Open 2017"]
[Site "Reykjavik ISL"]
[Date "2017.04.19"]
[Round "1.14"]
[White "Gupta,Ab"]
[Black "Bergsson,St"]
[Result "1-0"]
[WhiteElo "2607"]
[BlackElo "2031"]

1.d4 Nf6 2.Bf4 c5 3.e3 g6 4.Nf3 Bg7 5.Nbd2 d5 6.c3 Nc6 7.dxc5 Nd7 8.Nb3 e5
9.Bg3 a5 10.a4 Ndb8 11.e4 Be6 12.exd5 Qxd5 13.Nbd2 O-O 14.Bc4 Qd7 15.O-O Na6
16.Bb5 Rfd8 17.Ne4 Bd5 18.Nd6 Nxc5 19.Qxd5 Qxd6 20.Qc4 Rac8 21.Ng5 Rc7 22.f4
Nd3 23.Nxf7 Rxf7 24.Qxf7+ Kh8 25.Qxb7 exf4 26.Qxc6 Qxc6 27.Bxc6 fxg3 28.Rad1
{#r} 1-0

[Event "Reykjavik Open 2017"]
[Site "Reykjavik ISL"]
[Date "2017.04.19"]
[Round "1.16"]
[White "Van Foreest,Jorden"]
[Black "Harding,T"]
[Result "1-0"]
[WhiteElo "2584"]
[BlackElo "2017"]

1.e4 e6 2.d4 d5 3.Nc3 dxe4 4.Nxe4 Nd7 5.Nf3 Be7 6.Bd3 Ngf6 7.Nxf6+ Bxf6 8.c3
b6 9.Be4 Rb8 10.O-O Bb7 11.Bxb7 Rxb7 12.Bf4 O-O 13.Qe2 Qc8 14.Ne5 Nxe5 15.dxe5
Be7 16.Rad1 c6 17.Rd3 Rd8 18.Rh3 g6 19.c4 Rbd7 20.b3 Rd4 21.Be3 Re4 22.Qf3
Rxe5 23.Rxh7 Rf5 24.Qh3 Bf6 25.g4 Re5 26.Qh6 Re4 27.h3 Qc7 28.Bg5 Bd4 29.Qxg6+
fxg6 30.Rxc7 Re2 31.Bxd8 {#r} 1-0

[Event "Reykjavik Open 2017"]
[Site "Reykjavik ISL"]
[Date "2017.04.19"]
[Round "1.17"]
[White "Peat,M"]
[Black "Can,E"]
[Result "0-1"]
[WhiteElo "2014"]
[BlackElo "2578"]

1.e4 c5 2.Nf3 d6 3.d4 cxd4 4.Nxd4 Nf6 5.Nc3 a6 6.Bg5 Nbd7 7.Qe2 g6 8.f4 e5
9.fxe5 dxe5 10.O-O-O Qc7 11.Nd5 Nxd5 12.exd5 h6 13.Bh4 Bd6 14.Ne6 fxe6 15.Qd3
Nf8 16.Be2 exd5 17.Qxd5 Bf5 18.c3 Be7 19.Bg3 Bg5+ {#R} 0-1

[Event "Reykjavik Open 2017"]
[Site "Reykjavik ISL"]
[Date "2017.04.19"]
[Round "1.18"]
[White "Stefansson,H"]
[Black "Thorsteinsdottir,G"]
[Result "1-0"]
[WhiteElo "2566"]
[BlackElo "2013"]

1.e4 c5 2.Nf3 e6 3.d4 cxd4 4.Nxd4 a6 5.Bd3 Qc7 6.O-O Nf6 7.Qe2 d6 8.c4 g6
9.Nc3 Bg7 10.Rd1 O-O 11.Nf3 Nbd7 12.h3 b6 13.Bf4 Ne5 14.Rac1 Bb7 15.Nxe5 dxe5
16.Be3 Nd7 17.b4 Rfd8 18.Na4 Bf8 19.c5 bxc5 20.bxc5 Bc6 21.Nb6 Nxb6 22.cxb6
Qb7 23.Rc4 Bd6 24.a4 a5 25.Rdc1 Be8 26.Qb2 Rdc8 27.Rxc8 Rxc8 28.Rxc8 Qxc8
29.Bb5 f5 30.Bxe8 Qxe8 31.b7 Bb8 32.Qb6 Qd7 33.Qa6 Kf7 34.Ba7 Qd8 {#r} 1-0

[Event "Reykjavik Open 2017"]
[Site "Reykjavik ISL"]
[Date "2017.04.19"]
[Round "1.19"]
[White "Steincamp,Isaac K"]
[Black "Ramirez,Alej"]
[Result "0-1"]
[WhiteElo "2009"]
[BlackElo "2555"]

1.c4 c5 2.Nc3 g6 3.Nf3 Bg7 4.g3 Nc6 5.Bg2 d6 6.O-O Bd7 7.e3 Qc8 8.Re1 Bg4 9.d4
cxd4 10.exd4 Nxd4 11.Ne4 Kf8 12.Bf4 Bxf3 13.Bxf3 Nh6 14.Rc1 Nhf5 15.c5 d5
16.Nc3 e6 17.g4 Nxf3+ 18.Qxf3 Nd4 19.Bd6+ Kg8 20.Qg3 h5 21.Ne2 hxg4 22.Qxg4
Rh4 23.Qg2 e5 24.Ng3 e4 25.Re3 Qg4 26.Be7 Nf3+ 27.Rxf3 exf3 28.Qf1 Rh7 29.b3
Re8 30.Re1 Qh3 31.Qxh3 Rxh3 {#R} 0-1

[Event "Reykjavik Open 2017"]
[Site "Reykjavik ISL"]
[Date "2017.04.19"]
[Round "1.20"]
[White "Donchenko,Alexa"]
[Black "Runarsson,G"]
[Result "1-0"]
[WhiteElo "2554"]
[BlackElo "2006"]

1.Nf3 Nf6 2.c4 g6 3.Nc3 c5 4.d4 cxd4 5.Nxd4 Bg7 6.e4 d6 7.Be2 O-O 8.Be3 Nbd7
9.O-O a6 10.Qd2 Nc5 11.f3 Bd7 12.Rac1 Rc8 13.Rfe1 Re8 14.Bf1 Qc7 15.b4 Ne6
16.Nb3 Qb8 17.a4 Nh5 18.a5 Be5 19.g3 f5 20.exf5 gxf5 21.Nd5 Kh8 22.f4 Bg7
23.Bf2 b5 24.axb6 Nf6 25.Nxf6 Bxf6 26.c5 Ng7 27.Bxa6 Be6 28.Rxe6 Nxe6 29.Bxc8
Rxc8 30.c6 Rg8 31.c7 Qb7 32.Na5 Qa6 33.b7 Nxc7 34.Rxc7 e5 35.fxe5 Bg5 36.exd6
Bxd2 37.Bd4+ {#r} 1-0

[Event "Reykjavik Open 2017"]
[Site "Reykjavik ISL"]
[Date "2017.04.19"]
[Round "1.21"]
[White "Prieto,Alberto"]
[Black "Ziska,H"]
[Result "0-1"]
[WhiteElo "1999"]
[BlackElo "2553"]

1.d4 Nf6 2.Nf3 g6 3.c4 Bg7 4.Nc3 d6 5.e4 O-O 6.Be2 Na6 7.Bg5 e5 8.d5 h6 9.Bh4
g5 10.Bg3 Nh5 11.Nd2 Nf4 12.O-O Nc5 13.f3 h5 14.Qc2 a5 15.Bf2 g4 16.fxg4 hxg4
17.a3 a4 18.Qd1 Bh6 19.Bxg4 Qg5 20.h3 Ncd3 21.Be1 Nxb2 22.Qb1 Bxg4 23.hxg4
Nfd3 24.Nf3 Qe3+ 25.Kh1 Nxc4 26.g5 Bg7 27.Qc2 f5 28.exf5 Rxf5 29.Nd1 Qe4
30.Nc3 Qe3 31.Nd1 Qe4 32.Nc3 Ne3 33.Qe2 Nf4 34.Nxe4 Nxe2 35.Bh4 Nxd5 36.Rae1
Nec3 37.g4 Rf4 38.Nh2 Rxe4 {#R} 0-1

[Event "Reykjavik Open 2017"]
[Site "Reykjavik ISL"]
[Date "2017.04.19"]
[Round "1.22"]
[White "Blomqvist,E"]
[Black "Olafsson,S"]
[Result "1-0"]
[WhiteElo "2548"]
[BlackElo "1998"]

1.Nf3 d5 2.g3 Nf6 3.Bg2 e6 4.O-O Be7 5.c4 O-O 6.d4 Nbd7 7.Qc2 c6 8.Nbd2 b6
9.e4 dxe4 10.Nxe4 Bb7 11.Rd1 Qc8 12.Nc3 Bd6 13.Ng5 e5 14.Bh3 Rd8 15.Nce4 Qc7
16.Bxd7 Rxd7 17.Nxf6+ gxf6 18.Qxh7+ Kf8 19.Ne4 exd4 20.Nxf6 {#r} 1-0

[Event "Reykjavik Open 2017"]
[Site "Reykjavik ISL"]
[Date "2017.04.19"]
[Round "1.23"]
[White "Sigurjonsson,Si"]
[Black "Hjartarson,J"]
[Result "0-1"]
[WhiteElo "1997"]
[BlackElo "2536"]

1.Nf3 Nf6 2.c4 b6 3.g3 c5 4.Bg2 Bb7 5.O-O e6 6.Nc3 Be7 7.d4 cxd4 8.Qxd4 d6
9.Bg5 a6 10.Bxf6 Bxf6 11.Qf4 O-O 12.Rfd1 Be7 13.e4 Qc7 14.Rac1 Nd7 15.Qe3 Rac8
16.b3 Rfe8 17.h4 Bf8 18.Qf4 h6 19.Nh2 Qb8 20.Ng4 Bc6 21.Bf1 b5 22.cxb5 axb5
23.a4 bxa4 24.bxa4 Nc5 25.Bb5 Red8 26.Ne3 Bxb5 27.axb5 Nb3 28.Rc2 Qb6 29.Rd3
Qb7 30.Qg4 Rc5 31.f4 d5 32.exd5 exd5 33.Qf3 Qa7 34.Ra2 Qb8 35.Qd1 d4 36.Rb2
Rxc3 {#R} 0-1

[Event "Reykjavik Open 2017"]
[Site "Reykjavik ISL"]
[Date "2017.04.19"]
[Round "1.24"]
[White "Friedel,J"]
[Black "Zemlicka,V"]
[Result "1-0"]
[WhiteElo "2524"]
[BlackElo "1984"]

1.d4 Nf6 2.c4 g6 3.g3 Bg7 4.Bg2 O-O 5.Nc3 d6 6.Nf3 Nc6 7.O-O a6 8.Bf4 Rb8
9.Rc1 Bd7 10.Qd2 b5 11.Nd5 bxc4 12.Nxf6+ Bxf6 13.Rxc4 e5 14.dxe5 Nxe5 15.Nxe5
dxe5 16.Bh6 Be6 17.Rc2 Qxd2 18.Rxd2 Rfc8 19.b3 c5 20.Rd6 c4 21.bxc4 Rxc4
22.Rxa6 Rc2 23.a4 Rxe2 24.a5 Bd8 25.Ra7 Ra2 26.a6 Bc8 27.Bd5 Rxa6 28.Rxf7 {#r}
1-0

[Event "Reykjavik Open 2017"]
[Site "Reykjavik ISL"]
[Date "2017.04.19"]
[Round "1.25"]
[White "Magnusson,M"]
[Black "Harika,D"]
[Result "0-1"]
[WhiteElo "1978"]
[BlackElo "2521"]

1.e4 c5 2.Nc3 Nc6 3.g3 g6 4.Bg2 Bg7 5.d3 d6 6.Be3 e5 7.Qd2 Nge7 8.Bh6 Bxh6
9.Qxh6 Nd4 10.Qd2 Be6 11.Nd5 Nxd5 12.exd5 Bd7 13.c3 Nf5 14.Ne2 O-O 15.O-O Qb6
16.Rfd1 Rfe8 17.h3 Rac8 18.b3 Qd8 19.Kh2 h5 20.Rg1 Kg7 21.Rae1 b5 22.Be4 Nh6
23.f4 f5 24.Bh1 Qf6 25.c4 Nf7 26.Nc3 b4 27.Nd1 Re7 28.Re2 Rce8 29.Rge1 h4
30.Bf3 hxg3+ 31.Kxg3 Rh8 32.Nf2 Ree8 33.Kg2 Qh4 34.fxe5 Nxe5 35.d4 cxd4
36.Rxe5 dxe5 37.c5 f4 38.Bg4 Qg3+ 39.Kf1 Bb5+ 40.Be2 f3 {#R} 0-1

[Event "Reykjavik Open 2017"]
[Site "Reykjavik ISL"]
[Date "2017.04.19"]
[Round "1.28"]
[White "Firat,B"]
[Black "Green,Per"]
[Result "1-0"]
[WhiteElo "2503"]
[BlackElo "1966"]

1.Nf3 Nf6 2.c4 b6 3.g3 Bb7 4.Bg2 c5 5.O-O g6 6.Nc3 Bg7 7.Re1 O-O 8.e4 d6 9.d4
cxd4 10.Nxd4 Qc8 11.b3 Nc6 12.Nc2 Nd7 13.Bb2 a5 14.Qe2 Nc5 15.Rad1 {#r} 1-0

[Event "Reykjavik Open 2017"]
[Site "Reykjavik ISL"]
[Date "2017.04.19"]
[Round "1.30"]
[White "Saptarshi,R"]
[Black "Mai,Aron Thor"]
[Result "1-0"]
[WhiteElo "2425"]
[BlackElo "1956"]

1.e4 e5 2.Nf3 Nc6 3.c3 d5 4.Qa4 dxe4 5.Nxe5 Qg5 6.Nxc6 bxc6 7.Qxc6+ Kd8 8.Qxa8
Bc5 9.Ba6 Bxf2+ 10.Kxf2 Qf6+ 11.Ke1 Qxa6 12.Qd5+ Bd7 13.Na3 Nf6 14.Qc4 Qb7
15.Rf1 Re8 16.Rf2 Qb6 17.Qb4 Qe6 18.Qb8+ Bc8 19.Nb5 Qe5 20.Nxa7 Ke7 21.Nc6+
{#r} 1-0

[Event "Reykjavik Open 2017"]
[Site "Reykjavik ISL"]
[Date "2017.04.19"]
[Round "1.31"]
[White "Valtysson,T"]
[Black "Kunte,A"]
[Result "0-1"]
[WhiteElo "1955"]
[BlackElo "2491"]

1.d4 Nf6 2.Nf3 b6 3.Bf4 Bb7 4.e3 g6 5.Be2 Bg7 6.h3 c5 7.c3 O-O 8.O-O d6 9.Nbd2
Nbd7 10.Bh2 a6 11.a4 Ra7 12.Qb1 Qa8 13.Rc1 Ne4 14.Nxe4 Bxe4 15.Qa2 Rc7 16.Ne1
Nf6 17.Bf3 Rfc8 18.Bxe4 Nxe4 19.Nf3 Qb7 20.Rd1 Nf6 21.Ng5 Rf8 22.Rac1 h6
23.Nf3 Rfc8 24.Qa1 b5 25.axb5 axb5 26.b3 Ne4 27.Nd2 cxd4 28.Nxe4 dxc3 29.Nxc3
b4 {#R} 0-1

[Event "Reykjavik Open 2017"]
[Site "Reykjavik ISL"]
[Date "2017.04.19"]
[Round "1.32"]
[White "Liang,Awonder"]
[Black "Jacobsen,Heidrikur T."]
[Result "1-0"]
[WhiteElo "2483"]
[BlackElo "1951"]

1.e4 g6 2.d4 Bg7 3.c3 d6 4.Nf3 Nf6 5.Bd3 O-O 6.O-O c6 7.Nbd2 Qc7 8.Re1 e5 9.b3
Nbd7 10.Bb2 Ng4 11.h3 Nh6 12.Qc2 f5 13.Ba3 c5 14.dxe5 dxe5 15.Rad1 a6 16.Ng5
Nb6 17.Nc4 Kh8 18.Nxb6 Qxb6 19.Bc4 Qf6 20.h4 b6 21.b4 fxe4 22.bxc5 Ng4 23.Rd6
Qf4 24.g3 e3 25.gxf4 exf2+ 26.Qxf2 Nxf2 27.Kxf2 Rxf4+ 28.Ke3 Bg4 29.Nf7+ Kg8
30.Nxe5+ {#r} 1-0

[Event "Reykjavik Open 2017"]
[Site "Reykjavik ISL"]
[Date "2017.04.19"]
[Round "1.33"]
[White "Mulleady,Peter J"]
[Black "Lemos,D"]
[Result "0-1"]
[WhiteElo "1949"]
[BlackElo "2471"]

1.d4 Nf6 2.Nf3 g6 3.Bf4 Bg7 4.e3 O-O 5.Be2 Nc6 6.Nc3 Nh5 7.Bg5 h6 8.Bh4 g5
9.Nd2 Nf6 10.Bg3 d6 11.O-O e5 12.dxe5 dxe5 13.Bc4 Qe7 14.h3 Rd8 15.Qe2 Bf5
16.Bb3 Na5 17.e4 Bg6 18.Nd5 Nxd5 19.Bxd5 Qb4 20.Rfd1 Qxb2 21.Rab1 Qc3 22.Bxb7
Nxb7 23.Rxb7 Qc6 {#R} 0-1

[Event "Reykjavik Open 2017"]
[Site "Reykjavik ISL"]
[Date "2017.04.19"]
[Round "1.38"]
[White "Kanmazalp,O"]
[Black "Agustsson,H"]
[Result "1-0"]
[WhiteElo "2448"]
[BlackElo "1921"]

1.e4 c5 2.Nf3 Nc6 3.Bb5 Nd4 4.Nxd4 cxd4 5.O-O a6 6.Bc4 Qc7 7.d3 e5 8.f4 Nf6
9.fxe5 Qxe5 10.Bf4 Qh5 11.Qxh5 Nxh5 12.Be5 f6 13.Bxd4 d6 14.Nc3 Be7 15.Nd5 Bd8
16.Bb6 Bd7 17.Bxd8 Rxd8 18.Nb6 g5 19.d4 Rf8 20.Rae1 Bb5 21.Bxb5+ axb5 22.Nd5
Rc8 23.c3 Rf7 24.Re2 Kf8 25.Ref2 Kg7 26.g4 Nf4 27.Nxf4 gxf4 28.Rxf4 Rc4 29.a3
h6 30.Rf5 {#r} 1-0

[Event "Reykjavik Open 2017"]
[Site "Reykjavik ISL"]
[Date "2017.04.19"]
[Round "1.40"]
[White "Hambleton,A"]
[Black "Baliuniene,Margarita"]
[Result "1-0"]
[WhiteElo "2434"]
[BlackElo "1897"]

1.d4 d5 2.Bf4 Nf6 3.e3 e6 4.Nf3 Be7 5.Nbd2 Nbd7 6.h3 O-O 7.Bd3 b6 8.O-O Bb7
9.c3 c5 10.Qb1 Rc8 11.a4 a6 12.Ne5 h6 13.Rd1 cxd4 14.exd4 Nxe5 15.Bxe5 Nd7
16.Bg3 Nf6 17.Re1 Bd6 18.Bxd6 Qxd6 19.Re3 Rce8 20.Qf1 a5 21.Qe2 Nd7 22.Re1 Bc6
23.Rg3 e5 24.Qg4 g6 25.Bxg6 fxg6 26.Qxg6+ Qxg6 27.Rxg6+ Kh7 28.Rxc6 {#r} 1-0

[Event "Reykjavik Open 2017"]
[Site "Reykjavik ISL"]
[Date "2017.04.19"]
[Round "1.41"]
[White "Zybura,Andre"]
[Black "Christiansen,Johan-Sebastian"]
[Result "0-1"]
[WhiteElo "1894"]
[BlackElo "2429"]

1.e4 e5 2.Bc4 Nf6 3.d4 exd4 4.Nf3 Nc6 5.O-O Nxe4 6.Re1 d5 7.Bxd5 Qxd5 8.Nc3
Qh5 9.Nxe4 Be6 10.Bg5 h6 11.Bf6 Qg6 12.Bh4 Bb4 13.c3 dxc3 14.bxc3 Ba5 15.Rb1
Bb6 16.Rb5 O-O 17.Ne5 Nxe5 18.Rxe5 Bxa2 19.Qe2 Be6 20.Kh1 a5 21.f4 a4 22.Bg3
Qg4 {#R} 0-1

[Event "Reykjavik Open 2017"]
[Site "Reykjavik ISL"]
[Date "2017.04.19"]
[Round "1.42"]
[White "Sachdev,T"]
[Black "Kakulidis,Ellen"]
[Result "1-0"]
[WhiteElo "2429"]
[BlackElo "1892"]

1.d4 d5 2.c4 e6 3.Nc3 Be7 4.Nf3 Nf6 5.Bf4 O-O 6.e3 b6 7.cxd5 Nxd5 8.Nxd5 exd5
9.Bd3 c5 10.dxc5 bxc5 11.O-O Be6 12.Qc2 h6 13.Rfd1 Qb6 14.Rac1 Nc6 15.Qe2 Bf6
16.b3 Rfd8 17.Bb1 Ne7 18.Ne5 Rac8 19.h3 Bf5 20.Qh5 Bxe5 21.Bxe5 Bxb1 22.Rxb1
Ng6 23.Bg3 d4 24.e4 Qe6 25.Qf3 Ne5 26.Qe2 Nc6 27.a3 f5 28.f3 fxe4 29.fxe4 Re8
30.Kh2 Ne5 31.Qb5 Qb6 32.Qa4 Kh8 33.Rbc1 Re7 34.Rxd4 Qe6 35.Rd5 {#r} 1-0

[Event "Reykjavik Open 2017"]
[Site "Reykjavik ISL"]
[Date "2017.04.19"]
[Round "1.44"]
[White "Thorhallsson,T"]
[Black "Opasiak,D"]
[Result "1-0"]
[WhiteElo "2423"]
[BlackElo "1885"]

1.e4 e6 2.d4 d5 3.Nc3 Nf6 4.e5 Nfd7 5.f4 c5 6.Nf3 Nc6 7.Ne2 Be7 8.c3 a6 9.a3
b5 10.dxc5 Bxc5 11.Ned4 Qb6 12.Be3 Nxd4 13.Nxd4 O-O 14.Bd3 f5 15.exf6 Nxf6
16.O-O Bd7 17.b4 Bxd4 18.Bxd4 Qd8 19.Qc2 h6 20.Rae1 Qc8 21.Rf3 Ne8 22.Qf2 Rb8
23.Rg3 Rb7 24.Rg6 Nf6 25.Qg3 Be8 26.Rxf6 Rxf6 27.Bxf6 Rf7 28.Bd4 {#r} 1-0

[Event "Reykjavik Open 2017"]
[Site "Reykjavik ISL"]
[Date "2017.04.19"]
[Round "1.48"]
[White "Tarjan,J"]
[Black "Briem,Stephan"]
[Result "1-0"]
[WhiteElo "2414"]
[BlackElo "1865"]

1.c4 e5 2.g3 Nc6 3.Bg2 f5 4.Nc3 Nf6 5.b3 Bc5 6.e3 d5 7.cxd5 Nb4 8.d4 exd4
9.exd4 Be7 10.d6 Bxd6 11.a3 Nc6 12.Nge2 O-O 13.O-O Ne7 14.d5 Ng6 15.Nd4 Re8
16.Ra2 f4 17.Ne6 Rxe6 18.dxe6 Bxe6 19.Ne4 Nxe4 20.Bxe4 Qg5 21.Rd2 Bg4 22.Rd5
Be5 23.Bf3 Bh3 24.Re1 c6 25.Bxf4 Nxf4 26.Rdxe5 Qg6 27.Be4 Qh6 28.gxf4 Qxf4
29.Qh5 g6 30.Bxg6 Qg4+ 31.Qxg4 {#r} 1-0

[Event "Reykjavik Open 2017"]
[Site "Reykjavik ISL"]
[Date "2017.04.19"]
[Round "1.50"]
[White "Karavade,E"]
[Black "Timmermans,Adri"]
[Result "1-0"]
[WhiteElo "2405"]
[BlackElo "1861"]

1.Nf3 b5 2.e4 b4 3.d4 Bb7 4.Bd3 e6 5.c4 c5 6.d5 exd5 7.exd5 Bd6 8.O-O Ne7
9.Ng5 g6 10.Ne4 Be5 11.Nxc5 Bxh2+ 12.Kxh2 Qc7+ 13.Kg1 Qxc5 14.Qe2 f6 15.Re1
Kf7 16.Nd2 Nc8 17.Ne4 Qf8 18.Qf3 Kg7 19.Be3 d6 20.Bd4 Nd7 21.Nxf6 Ne5 22.Rxe5
{#r} 1-0

[Event "Reykjavik Open 2017"]
[Site "Reykjavik ISL"]
[Date "2017.04.19"]
[Round "1.51"]
[White "Smith,Lynda"]
[Black "Batchimeg,Tuvshintugs"]
[Result "0-1"]
[WhiteElo "1849"]
[BlackElo "2394"]

1.e4 e5 2.Nf3 Nc6 3.Bb5 a6 4.Bxc6 dxc6 5.d4 exd4 6.Qxd4 Qxd4 7.Nxd4 Bd7 8.Be3
O-O-O 9.f3 Re8 10.Kf2 c5 11.Ne2 f5 12.Ng3 fxe4 13.Nxe4 b6 14.Nbd2 g6 15.c3 Bc6
16.Rhe1 Bg7 17.Bf4 Ne7 18.Ng5 Nd5 19.Bg3 Nb4 20.Rxe8+ Rxe8 21.Rb1 Nd3+ 22.Kf1
Nxb2 23.Nge4 Bb5+ 24.Kg1 Nc4 25.Nxc4 Bxc4 26.Re1 Kd7 27.a3 Bd5 28.Ng5 h6
29.Rxe8 Kxe8 30.Ne4 Bxe4 31.fxe4 Bxc3 32.Bxc7 b5 33.Bb6 b4 34.axb4 cxb4 35.Ba5
Bd4+ 36.Kf1 b3 {#R} 0-1